Galatasaray All Players since 2000 - Statistics

General Stats
  • This quiz has been taken 33 times
  • The average score is 150 of 353
Answer Stats
Pos/Country First Appr Last Appr Answer % Correct
GK/Türkiye 16-17 25-26 Batuhan Şen
100%
GK/Uruguay 11-12 24-25 Fernando Muslera
100%
FW/Argentina 22-23 25-26 Mauro Icardi
100%
FW/Nigeria 24-25 25-26 Victor Osimhen
100%
FW/Türkiye 05-06 14-15 Aydın Yılmaz
94%
FW/Türkiye 21-22 25-26 Barış Alper Yılmaz
94%
FW/Türkiye 12-13 15-16 Burak Yılmaz
94%
DF/Colombia 23-24 25-26 Davinson Sánchez
94%
FW/Cote d 12-13 13-14 Didier Drogba
88%
FW/Belgium 22-23 24-25 Dries Mertens
88%
MF/Brazil 11-12 15-16 Felipe Melo
88%
MF/Brazil 24-25 25-26 Gabriel Sara
88%
FW/Germany 25-26 25-26 Leroy Sané
88%
DF/Türkiye 03-04 06-07 Orhan Ak
88%
MF/Netherlands 12-13 16-17 Wesley Sneijder
88%
DF/Türkiye 10-11 10-11 Ali Turan
81%
FW/Türkiye 04-05 21-22 Arda Turan
81%
MF/Türkiye 21-22 21-22 Aytaç Kara
81%
FW/Türkiye 00-01 08-09 Hasan Şaş
81%
MF/Uruguay 22-23 25-26 Lucas Torreira
81%
FW/Belgium 24-25 24-25 Michy Batshuayi
81%
DF/Poland 24-25 24-25 Przemyslaw Frankowski
81%
FW/Colombia 19-20 21-22 Radamel Falcao
81%
DF/Hungary 24-25 25-26 Roland Sallai
81%
FW/Cote d 23-24 24-25 Wilfried Zaha
81%
FW/Türkiye 18-19 25-26 Yunus Akgün
81%
FW/Austria 22-23 25-26 Yusuf Demir
81%
FW/DR Congo 23-24 23-24 Cédric Bakambu
75%
GK/Brazil 00-01 00-01 Claudio Taffarel
75%
FW/Türkiye 19-20 19-20 Emre Mor
75%
MF/Romania 00-01 00-01 Gheorghe Hagi
75%
DF/Türkiye 09-10 14-15 Gökhan Zan
75%
FW/Türkiye 03-04 07-08 Hakan Şükür
75%
FW/Morocco 23-24 24-25 Hakim Ziyech
75%
MF/Germany 25-26 25-26 İlkay Gündoğan
75%
DF/Senegal 24-25 25-26 Ismail Jakobs
75%
MF/Spain 22-23 22-23 Juan Mata
75%
DF/Brazil 18-19 21-22 Marcão
75%
MF/Gabon 19-20 25-26 Mario Lemina
75%
MF/Türkiye 00-01 07-08 Okan Buruk
75%
DF/France 21-22 23-24 Sacha Boey
75%
MF/Portugal 22-23 23-24 Sérgio Oliveira
75%
DF/Denmark 21-22 24-25 Victor Nelsson
75%
DF/Cote d 25-26 25-26 Wilfried Singo
75%
DF/Japan 17-18 19-20 Yuto Nagatomo
75%
MF/Romania 21-22 22-23 Alexandru Cicâldău
69%
FW/Brazil 23-24 23-24 Carlos Vinícius
69%
DF/United States 20-21 21-22 DeAndre Yedlin
69%
DF/Romania 00-01 01-02 Gheorghe Popescu
69%
MF/Germany 23-24 24-25 Kerem Demirbay
69%
GK/Türkiye 00-01 02-03 Kerem İnan
69%
FW/Egypt 20-21 21-22 Mostafa Mohamed
69%
FW/Romania 21-22 23-24 Olimpiu Moruțan
69%
DF/Suriname 15-16 20-21 Ryan Donk
69%
MF/Türkiye 11-12 19-20 Selçuk İnan
69%
FW/Türkiye 01-02 08-09 Ümit Karan
69%
MF/Türkiye 13-14 16-17 Umut Gündoğan
69%
MF/Morocco 17-18 20-21 Younès Belhanda
69%
DF/Türkiye 22-23 25-26 Abdülkerim Bardakcı
63%
DF/Türkiye 08-09 09-10 Alparslan Erdem
63%
FW/Spain 24-25 24-25 Álvaro Morata
63%
DF/Spain 23-24 23-24 Angeliño
63%
FW/Türkiye 00-01 04-05 Arif Erdem
63%
DF/Cameroon 13-14 16-17 Aurélien Chedjou
63%
MF/Türkiye 01-02 11-12 Ayhan Akman
63%
FW/France 17-18 22-23 Bafétimbi Gomis
63%
FW/Portugal 13-14 16-17 Bruma
63%
DF/DR Congo 18-19 22-23 Christian Luyindama
63%
MF/Türkiye 22-23 24-25 Efe Akman
63%
MF/Brazil 09-10 10-11 Elano
63%
DF/Cote d 11-12 13-14 Emmanuel Eboué
63%
MF/Türkiye 00-01 00-01 Emre Belözoğlu
63%
MF/Chile 21-22 21-22 Erick Pulgar
63%
FW/Romania 19-20 19-20 Florin Andone
63%
FW/Cape Verde 16-17 18-19 Garry Rodrigues
63%
FW/North Macedonia 14-15 14-15 Goran Pandev
63%
MF/Türkiye 22-23 23-24 Hamza Akman
63%
DF/Belgium 15-16 17-18 Jason Denayer
63%
FW/Sweden 11-12 13-14 Johan Elmander
63%
FW/Türkiye 20-21 24-25 Kerem Aktürkoğlu
63%
FW/Senegal 18-19 21-22 Mbaye Diagne
63%
FW/Kosovo 22-23 22-23 Milot Rashica
63%
MF/Türkiye 03-04 05-06 Mülayim Erdem
63%
MF/Italy 22-23 25-26 Nicolò Zaniolo
63%
DF/Canada 22-23 22-23 Sam Adekugbe
63%
MF/Türkiye 01-02 01-02 Sergen Yalçın
63%
MF/Algeria 17-18 21-22 Sofiane Feghouli
63%
MF/Türkiye 19-20 22-23 Taylan Antalyalı
63%
DF/Czech Republic 11-12 12-13 Tomas Ujfalusi
63%
GK/Türkiye 25-26 25-26 Uğurcan Çakır
63%
MF/Türkiye 00-01 02-03 Ümit Davala
63%
MF/Spain 11-12 13-14 Albert Riera
56%
MF/Germany 07-08 10-11 Barış Özbek
56%
MF/Türkiye 21-22 25-26 Berkan Kutlu
56%
DF/Türkiye 00-01 04-05 Bülent Korkmaz
56%
DF/Colombia 24-25 24-25 Carlos Cuesta
56%
DF/Cameroon 12-13 13-14 Dany Nounkeu
56%
DF/Denmark 24-25 25-26 Elias Jelert
56%
DF/Türkiye 24-25 25-26 Eren Elmalı
56%
GK/Colombia 01-02 06-07 Faryd Mondragón
56%
FW/Mexico 09-10 09-10 Giovani dos Santos
56%
GK/Türkiye 23-24 25-26 Günay Güvenç
56%
DF/Türkiye 07-08 17-18 Hakan Balta
56%
FW/Australia 08-09 10-11 Harry Kewell
56%
MF/Cote d 19-20 19-20 Jean Michaël Seri
56%
FW/Brazil 09-10 09-10
56%
MF/Japan 06-07 06-07 Junichi Inamoto
56%
DF/Türkiye 22-23 25-26 Kazımcan Karataş
56%
DF/France 22-23 24-25 Léo Dubois
56%
GK/Argentina 09-10 09-10 Leo Franco
56%
MF/Albania 10-11 10-11 Lorik Cana
56%
DF/Australia 09-10 10-11 Lucas Neill
56%
DF/Brazil 17-18 18-19 Maicon
56%
MF/Argentina 06-07 07-08 Marcelo Carrusca
56%
DF/Uruguay 19-20 20-21 Marcelo Saracchi
56%
DF/Norway 15-16 20-21 Martin Linnes
56%
MF/Türkiye 05-06 09-10 Mehmet Güven
56%
FW/Czech Republic 08-09 12-13 Milan Baros
56%
GK/Italy 08-09 08-09 Morgan De Sanctis
56%
FW/Türkiye 03-04 12-13 Necati Ateş
56%
MF/Netherlands 16-17 16-17 Nigel de Jong
56%
FW/Morocco 12-13 14-15 Nordin Amrabat
56%
DF/Netherlands 21-22 22-23 Patrick van Aanholt
56%
GK/Colombia 10-11 10-11 Róbinson Zapata
56%
FW/Netherlands 19-20 21-22 Ryan Babel
56%
DF/Türkiye 07-08 21-22 Semih Kaya
56%
DF/Türkiye 07-08 11-12 Servet Çetin
56%
MF/Türkiye 00-01 02-03 Suat Kaya
56%
FW/Türkiye 12-13 15-16 Umut Bulut
56%
FW/Cote d 09-10 09-10 Abdul Kader Keita
50%
GK/Türkiye 02-03 13-14 Aykut Erçetin
50%
FW/Türkiye 13-14 16-17 Berk Ünsal
50%
MF/Switzerland 14-15 14-15 Blerim Dzemaili
50%
MF/Türkiye 02-03 06-07 Cihan Haspolatlı
50%
DF/Brazil 12-13 12-13 Cris
50%
MF/Türkiye 09-10 15-16 Emre Çolak
50%
FW/Switzerland 16-17 18-19 Eren Derdiyok
50%
DF/Türkiye 00-01 06-07 Ergün Penbe
50%
MF/Brazil 17-18 18-19 Fernando
50%
MF/Portugal 20-21 20-21 Gedson Fernandes
50%
DF/Türkiye 00-01 04-05 Hakan Ünsal
50%
FW/Switzerland 22-23 22-23 Haris Seferovic
50%
FW/Nigeria 18-19 20-21 Henry Onyekuru
50%
GK/Spain 21-22 21-22 Iñaki Peña
50%
FW/Brazil 00-01 00-01 Jardel
50%
MF/Sweden 19-20 20-21 Jimmy Durmaz
50%
MF/Spain 15-16 15-16 José Rodríguez
50%
MF/Türkiye 22-23 25-26 Kaan Ayhan
50%
FW/Greece 18-19 19-20 Konstantinos Mitroglou
50%
FW/Germany 15-16 16-17 Lukas Podolski
50%
DF/Brazil 17-18 19-20 Mariano
50%
DF/Senegal 02-03 02-03 Mohamed Sarr
50%
GK/Türkiye 19-20 22-23 Okan Kocuk
50%
DF/Türkiye 00-01 16-17 Sabri Sarıoğlu
50%
MF/Serbia 05-06 06-07 Sasa Ilic
50%
DF/Cote d 23-24 23-24 Serge Aurier
50%
MF/France 19-20 19-20 Steven Nzonzi
50%
FW/Brazil 23-24 23-24 Tetê
50%
MF/Sweden 07-08 09-10 Tobias Linderoth
50%
DF/Türkiye 13-14 14-15 Veysel Sarı
50%
DF/Türkiye 07-08 09-10 Volkan Yaman
50%
DF/Türkiye 05-06 05-06 Yalçın Ayhan
50%
DF/Portugal 02-03 02-03 Abel Xavier
44%
FW/Türkiye 24-25 25-26 Ahmed Kutucu
44%
DF/Türkiye 16-17 19-20 Ahmet Çalık
44%
FW/DR Congo 02-03 03-04 Ali Lukunku
44%
DF/Türkiye 24-25 25-26 Arda Ünyay
44%
GK/France 17-18 17-18 Cédric Carrasso
44%
MF/Türkiye 18-19 22-23 Emre Akbaba
44%
DF/Netherlands 03-04 03-04 Frank de Boer
44%
MF/Norway 22-23 23-24 Fredrik Midtsjø
44%
MF/Israel 02-03 02-03 Haim Revivo
44%
MF/Türkiye 12-13 16-17 Hamit Altıntop
44%
FW/Türkiye 04-05 06-07 Hasan Kabze
44%
DF/Romania 17-18 17-18 Iasmin Latovlevici
44%
GK/Türkiye 15-16 21-22 İsmail Çipe
44%
FW/Bosnia-Herzegovina 13-14 13-14 Izet Hajrovic
44%
MF/Türkiye 15-16 15-16 Jem Karacan
44%
FW/Colombia 10-11 11-12 Juan Pablo Pino
44%
DF/Germany 13-14 17-18 Koray Günter
44%
DF/Denmark 22-23 22-23 Mathias Ross
44%
GK/Türkiye 07-08 09-10 Orkun Usak
44%
DF/Cameroon 04-05 07-08 Rigobert Song
44%
FW/Türkiye 07-08 09-10 Serkan Çalık
44%
GK/Türkiye 14-15 14-15 Sinan Bolat
44%
FW/Türkiye 14-15 18-19 Sinan Gümüş
44%
GK/Türkiye 09-10 13-14 Ufuk Ceylan
44%
MF/Ghana 07-08 07-08 Ahmed Barusso
38%
DF/Brazil 13-14 15-16 Alex Telles
38%
MF/Türkiye 22-23 24-25 Ali Turap Bülbül
38%
DF/Türkiye 21-22 21-22 Alpaslan Öztürk
38%
MF/Senegal 17-18 18-19 Badou Ndiaye
38%
MF/Türkiye 15-16 15-16 Bilal Kısa
38%
FW/Romania 10-11 10-11 Bogdan Stancu
38%
DF/Brazil 00-01 01-02 Capone
38%
MF/Türkiye 11-12 13-14 Ceyhun Gülselam
38%
DF/Ghana 23-24 24-25 Derrick Köhn
38%
FW/Bosnia-Herzegovina 02-03 04-05 Elvir Baljic
38%
MF/Türkiye 23-24 24-25 Eyüp Aydın
38%
GK/Türkiye 20-21 21-22 Fatih Öztürk
38%
DF/Portugal 08-09 08-09 Fernando Meira
38%
DF/Argentina 13-14 13-14 Guillermo Burdisso
38%
MF/Switzerland 04-05 04-05 Hakan Yakin
38%
FW/Türkiye 20-21 23-24 Halil Dervişoğlu
38%
FW/Nigeria 19-20 21-22 Jesse Sekidika
38%
MF/Brazil 07-08 08-09 Lincoln
38%
DF/France 15-16 18-19 Lionel Carole
38%
FW/Argentina 13-14 13-14 Lucas Ontivero
38%
MF/Türkiye 06-07 09-10 Mehmet Topal
38%
FW/Türkiye 11-12 11-12 Mertan Öztürk
38%
FW/Türkiye 18-19 18-19 Muğdat Çelik
38%
FW/Türkiye 14-15 15-16 Olcan Adın
38%
DF/Norway 20-21 22-23 Omar Elabdellaoui
38%
MF/Nigeria 20-21 20-21 Peter Etebo
38%
FW/Türkiye 17-18 18-19 Recep Gül
38%
DF/Türkiye 08-09 11-12 Serkan Kurtuluş
38%
FW/DR Congo 07-08 09-10 Shabani Nonda
38%
DF/Croatia 04-05 06-07 Stjepan Tomas
38%
DF/Türkiye 03-04 09-10 Uğur Uçar
38%
MF/Türkiye 00-01 00-01 Ümit Aydın
38%
MF/Türkiye 10-11 14-15 Yekta Kurtuluş
38%
MF/Bosnia-Herzegovina 10-11 10-11 Zvjezdan Misimovic
38%
FW/Türkiye 19-20 19-20 Adem Büyük
31%
MF/Türkiye 00-01 00-01 Ahmet Yıldırım
31%
MF/Cameroon 04-05 05-06 Alioum Saidou
31%
MF/Uruguay 01-02 01-02 Andrés Fleurquín
31%
FW/Türkiye 09-10 09-10 Berkin Arslan
31%
GK/Türkiye 15-16 16-17 Cenk Gönen
31%
FW/Brazil 02-03 02-03 Christian
31%
DF/Argentina 10-11 10-11 Emiliano Insúa
31%
DF/Türkiye 19-20 23-24 Emin Bayram
31%
MF/Argentina 10-11 10-11 Emmanuel Culio
31%
MF/Türkiye 11-12 13-14 Engin Baytar
31%
GK/Türkiye 10-11 17-18 Eray İşcan
31%
FW/France 04-05 04-05 Franck Ribéry
31%
DF/Romania 03-04 03-04 Gabriel Tamaș
31%
DF/Colombia 01-02 02-03 Gustavo Victoria
31%
DF/Türkiye 19-20 21-22 Kaan Arslan
31%
DF/Belgium 16-17 16-17 Luis Pedro Cavanda
31%
FW/Türkiye 10-11 11-12 Mehmet Batdal
31%
GK/Türkiye 00-01 03-04 Mehmet Bölükbaşı
31%
DF/Türkiye 22-23 25-26 Metehan Baltacı
31%
MF/Türkiye 09-10 10-11 Mustafa Sarp
31%
DF/Türkiye 18-19 21-22 Ömer Bayram
31%
MF/Romania 03-04 04-05 Ovidiu Petre
31%
FW/Romania 01-02 01-02 Radu Niculescu
31%
FW/Türkiye 11-12 13-14 Sercan Yıldırım
31%
DF/Türkiye 16-17 18-19 Serdar Aziz
31%
FW/Türkiye 00-01 01-02 Serkan Aykut
31%
MF/France 23-24 23-24 Tanguy Ndombélé
31%
DF/Türkiye 14-15 17-18 Tarık Çamdal
31%
DF/Nigeria 20-21 21-22 Valentine Ozornwafor
31%
MF/Türkiye 02-03 05-06 Volkan Arslan
31%
FW/Türkiye 14-15 17-18 Yasin Öztekin
31%
MF/Türkiye 17-18 21-22 Atalay Babacan
25%
MF/Brazil 01-02 03-04 Batista
25%
FW/Türkiye 11-12 11-12 Berk Yıldız
25%
DF/Türkiye 09-10 09-10 Caner Erkin
25%
DF/Brazil 03-04 03-04 César Prates
25%
DF/Türkiye 09-10 09-10 Çetin Güngör
25%
FW/Türkiye 10-11 13-14 Colin Kazım-Richards
25%
DF/Türkiye 00-01 09-10 Emre Aşık
25%
DF/Türkiye 07-08 09-10 Emre Güngör
25%
DF/Türkiye 18-19 22-23 Emre Taşdemir
25%
DF/Türkiye 00-01 00-01 Fatih Akyel
25%
MF/Brazil 21-22 21-22 Gustavo Assunção
25%
DF/Algeria 07-08 07-08 Ismaël Bouzid
25%
MF/Portugal 16-17 16-17 Josué
25%
FW/Czech Republic 05-06 05-06 Marek Heinz
25%
DF/Türkiye 17-18 18-19 Ozan Kabak
25%
FW/Türkiye 05-06 09-10 Özgür Can Özcan
25%
DF/France 01-02 01-02 Sébastien Pérez
25%
FW/Türkiye 10-11 10-11 Serdar Özkan
25%
DF/Türkiye 00-01 02-03 Vedat İnceefe
25%
FW/Türkiye 08-09 09-10 Yaser Yıldız
25%
FW/Türkiye 11-12 13-14 Yiğit Gökoğlan
25%
MF/Türkiye 05-06 05-06 Altan Aksoy
19%
FW/Türkiye 01-02 03-04 Berkant Göktan
19%
MF/Türkiye 14-15 18-19 Birhan Vatansever
19%
MF/Türkiye 03-04 05-06 Cafercan Aksu
19%
FW/Türkiye 20-21 23-24 Emre Kılınç
19%
FW/Türkiye 19-20 19-20 Erencan Yardımcı
19%
DF/Türkiye 05-06 07-08 Ferhat Öztorun
19%
MF/Brazil 04-05 04-05 Flávio Conceição
19%
MF/Türkiye 23-24 25-26 Gökdeniz Gürpüz
19%
FW/Türkiye 15-16 16-17 Kerem Çalışkan
19%
MF/Türkiye 18-19 18-19 Mustafa Kapı
19%
DF/Türkiye 19-20 20-21 Şener Özbayraklı
19%
MF/Türkiye 16-17 17-18 Tolga Ciğerci
19%
MF/Türkiye 03-04 03-04 Abdullah Ercan
13%
DF/Türkiye 23-24 24-25 Ali Yeşilyurt
13%
MF/Türkiye 22-23 23-24 Baran Aksaka
13%
FW/Türkiye 22-23 23-24 Baran Demiroğlu
13%
MF/Türkiye 20-21 21-22 Bartuğ Elmaz
13%
FW/Türkiye 24-25 24-25 Berat Luş
13%
GK/Türkiye 19-20 21-22 Berk Balaban
13%
MF/Türkiye 00-01 01-02 Bülent Akın
13%
MF/Türkiye 13-14 13-14 Erman Kılıç
13%
FW/Brazil 02-03 02-03 Felipe Loureiro
13%
FW/Romania 03-04 03-04 Florin Bratu
13%
MF/Türkiye 14-15 14-15 Kaan Baysal
13%
MF/Türkiye 03-04 03-04 Murat Erdoğan
13%
DF/Türkiye 03-04 03-04 Ömer Erdoğan
13%
MF/Czech Republic 01-02 01-02 Pavel Horvath
13%
DF/Türkiye 02-03 05-06 Suat Usta
13%
FW/Türkiye 18-19 21-22 Ali Yavuz Kol
6%
FW/Türkiye 09-10 10-11 Anıl Dilaver
6%
DF/Türkiye 10-11 12-13 Çağlar Birinci
6%
MF/Türkiye 17-18 18-19 Celil Yüksel
6%
FW/Türkiye 07-08 09-10 Erhan Şentürk
6%
FW/Brazil 02-03 03-04 Fabio Pinto
6%
FW/Türkiye 08-09 08-09 Ferdi Elmas
6%
GK/Türkiye 04-05 06-07 Fevzi Elmas
6%
MF/Türkiye 12-13 14-15 Furkan Özçal
6%
DF/Türkiye 24-25 24-25 Kadir Subaşı
6%
FW/Brazil 00-01 00-01 Márcio Mixirica
6%
DF/Türkiye 02-03 02-03 Mehmet Polat
6%
FW/Türkiye 20-21 21-22 Oğulcan Çağlayan
6%
GK/Ghana 03-04 04-05 Richard Kingson
6%
DF/Türkiye 13-14 16-17 Salih Dursun
6%
DF/Mexico 02-03 02-03 Sergio Almaguer
6%
DF/Türkiye 06-07 06-07 Tolga Seyhan
6%
MF/Türkiye 17-18 18-19 Abdussamed Karnuçu
0%
DF/Türkiye 17-18 17-18 Ali Ülgen
0%
MF/Türkiye 17-18 17-18 Barış Zeren
0%
DF/Türkiye 09-10 09-10 Berk Neziroğluları
0%
FW/Türkiye 09-10 10-11 Cem Sultan
0%
MF/Türkiye 09-10 10-11 Cumhur Yılmaztürk
0%
FW/Türkiye 16-17 17-18 Emrah Başsan
0%
DF/Türkiye 03-04 03-04 Emrah Umut
0%
DF/Türkiye 13-14 14-15 Emre Can Coşkun
0%
MF/Türkiye 01-02 01-02 Erhan Namlı
0%
MF/Türkiye 03-04 03-04 Eyüp Kaymakçı
0%
MF/Türkiye 00-01 02-03 Faruk Atalay
0%
DF/Türkiye 16-17 22-23 Gökay Güney
0%
DF/Türkiye 02-03 02-03 Görkem Görk
0%
MF/Türkiye 13-14 13-14 İbrahim Coşkun
0%
DF/Türkiye 02-03 03-04 İlker Erbay
0%
FW/Türkiye 18-19 18-19 Malik Karaahmet
0%
DF/Türkiye 08-09 09-10 Murat Akça
0%
FW/Türkiye 01-02 01-02 Murat Sözkesen
0%
MF/Türkiye 10-11 10-11 Musa Çağıran
0%
MF/Türkiye 13-14 16-17 Oğuzhan Kayar
0%
MF/Türkiye 06-07 06-07 Oğuz Sabankay
0%
MF/Türkiye 11-12 11-12 Okan Derici
0%
FW/Croatia 01-02 01-02 Robert Spehar
0%
FW/Türkiye 00-01 02-03 Sedat Debreli
0%
FW/Türkiye 09-10 13-14 Serdar Eylik
0%
DF/Türkiye 02-03 02-03 Servet Gökçen
0%
DF/Türkiye 06-07 06-07 Uğur Akdemir
0%
DF/Türkiye 05-06 05-06 Uğur Demirok
0%
FW/Türkiye 15-16 16-17 Volkan Pala
0%
MF/Türkiye 04-05 05-06 Zafer Şakar
0%
No matching quizzes found
Score Distribution
Percent of People with Each Score
Percentile by Number Answered
Your Score History
You have not taken this quiz